00402nam a2200157Ia 4500008004100000020001500041082001700056100001300073245005900086250000900145260002500154300000800179500002400187650001600211700001700227230524s9999 xx 000 0 und d a0074516922 a621.381bJAI aR.P.Jain 0aDigital Electronics Practice Using Integrated Circuits a23TH aNEW DELHIbTMHc2005 a323 aQuantity Number: 4 aElectronics a M.M.S.Anand